Экспериментально-фитоценологические основы исследования злаково-бобовых сообитаний / (Record no. 385598)
[ view plain ]
| 000 -LEADER | |
|---|---|
| fixed length control field | 01018nam a22002297a 4500 |
| 003 - CONTROL NUMBER IDENTIFIER | |
| control field | AM-YeHGA |
| 005 - DATE AND TIME OF LATEST TRANSACTION | |
| control field | 20250617153149.0 |
| 008 - FIXED-LENGTH DATA ELEMENTS--GENERAL INFORMATION | |
| fixed length control field | 170711b ru ||||| |||| 00| 0 rus d |
| 040 ## - CATALOGING SOURCE | |
| Original cataloging agency | AM-YeHGA |
| 041 0# - LANGUAGE CODE | |
| Language code of text/sound track or separate title | rus |
| 090 ## - LOCALLY ASSIGNED LC-TYPE CALL NUMBER (OCLC); LOCAL CALL NUMBER (RLIN) | |
| -- | 387571 |
| 100 1# - MAIN ENTRY--PERSONAL NAME | |
| Personal name | Дохман, Генриетта Исааковна |
| 245 10 - TITLE STATEMENT | |
| Title | Экспериментально-фитоценологические основы исследования злаково-бобовых сообитаний / |
| Statement of responsibility, etc. | Г.И. Дохман; АН СССР, Моск. о-во испытателей природы. |
| 260 ## - PUBLICATION, DISTRIBUTION, ETC. | |
| Place of publication, distribution, etc. | Москва : |
| Name of publisher, distributor, etc. | Наука, |
| Date of publication, distribution, etc. | 1979. |
| 300 ## - PHYSICAL DESCRIPTION | |
| Extent | 199 с., 1 л. карт. : |
| Other physical details | карт. |
| 504 ## - BIBLIOGRAPHY, ETC. NOTE | |
| Bibliography, etc. note | Библиогр.: с. 190-198 |
| 653 0# - INDEX TERM--UNCONTROLLED | |
| Uncontrolled term | Бобовые травы |
| 653 0# - INDEX TERM--UNCONTROLLED | |
| Uncontrolled term | Злаковые травы |
| 653 0# - INDEX TERM--UNCONTROLLED | |
| Uncontrolled term | Фитоценозы травянистые |
| 710 2# - ADDED ENTRY--CORPORATE NAME | |
| Corporate name or jurisdiction name as entry element | Академия наук СССР. |
| Subordinate unit | Московское общество испытателей природы |
| 942 ## - ADDED ENTRY ELEMENTS (KOHA) | |
| Source of classification or shelving scheme | Universal Decimal Classification |
| Koha item type | Գրքեր / Books |
| Withdrawn status | Lost status | Source of classification or shelving scheme | Damaged status | Not for loan | Collection | Home library | Current library | Date acquired | Total checkouts | Full call number | Barcode | Date last seen | Price effective from | Koha item type | Public note |
|---|---|---|---|---|---|---|---|---|---|---|---|---|---|---|---|
| Universal Decimal Classification | General | Fundamental Scientific Library | Fundamental Scientific Library | 11/07/2017 | PII/434865 | FL0452179 | 11/07/2017 | 11/07/2017 | Գրքեր / Books | 30 Days Loan |
ՀՀ Գիտությունների ազգային ակադեմիայի հիմնարար գիտական գրադարան = Fundamental Scientific Library of NAS RA
All site content, except where otherwise noted, is licensed under a